Назови созвездия по их описанию - Statistics

General Stats
  • This quiz has been taken 17 times
  • The average score is 18 of 88
Answer Stats
Описание Созвездие % Correct
Царь зверей Лев
91%
Конь с рогом Единорог
82%
Лучник Стрелец
73%
Коренной американец Индеец
73%
Длинношеее Жираф
64%
Бык Телец
55%
Многоголовое чудовище,убитое Гераклом Гидра
55%
Медвежонок Малая Медведица
55%
Библейская птица, вестникокончания Всемирного Потопа Голубь
45%
Музыкальный инструмент Лира
45%
Рыба, исполняющая желания Золотая Рыба
45%
Сын Зевса, совершивший12 подвигов Геркулес
45%
Крылатая лошадь Пегас
45%
Инструмент географа Циркуль
36%
задняя часть корпуса корабля Корма
36%
Качает воздух Насос
36%
Птица - символ США Орёл
36%
Огненная птица Феникс
36%
Гора в Южной Африке Столовая Гора
27%
Инструмент биолога Микроскоп
27%
Летающая килька Летучая Рыба
27%
Пастух Волопас
27%
Охотник Орион
27%
Носитель Змеи Змееносец
27%
Львёнок Малый Лев
27%
Рыжий гриб (только название,не созвездие) Лисичка
27%
Птица с красивым хвостом Павлин
27%
Чёрная птица Ворон
27%
Баран Овен
27%
Паутина из нитей Сетка
18%
Получеловек-полуконь Центавр
18%
Предмет посуды Чаша
18%
Щенок Малый Пёс
18%
Указатель Юга Южный Крест
18%
Кастор и Поллукс Близнецы
18%
Алтарь Жертвенник
18%
Инструмент астронома Телескоп
18%
Болотная птица Журавль
18%
Летающее насекомое Муха
18%
Морское млекопитающее Дельфин
18%
Прибор для определениясторон света Компас
18%
Серый хищник Волк
18%
Длинношеяя птица Лебедь
18%
Единственное созвездие,разделённое на 2 части Змея
9%
Инструмент гравёра Резец
9%
Геральдический символ Щит
9%
"Небесная" птица Райская Птица
9%
Навигационный инструмент Октант
9%
Река Эридан
9%
Король Цефей
9%
Рыба, спасшая Деркето Южная Рыба
9%
Химический аппарат Печь
9%
Птица с большим клювом Тукан
9%
Древнегреческий герой Персей
9%
Мифический изобретательупряжки Возничий
9%
Мольберт Живописец
9%
Творец скульптур Скульптор
9%
Королева Кассиопея
9%
Южная фигура Южный Треугольник
9%
Сгоревший инструментЯна Гевелия Секстант
9%
Жеребёнок Малый Конь
9%
нижняя балка, проходящаяпосередине днища судна Киль
9%
В них дует ветер,двигая корабль Паруса
9%
Медведь Большая Медведица
9%
Показывают время Часы
9%
Собака Большой Пёс
9%
Богиня плодородия Деметра Дева
9%
Афродита и Эрот Рыбы
9%
Дельта Нила Треугольник
9%
Ладон, страж золотых яблок Дракон
9%
Южное многоголовое чудовище Южная Гидра
9%
Упавший венец центавра Южная Корона
9%
Их удерживает Волопас, чтобы они не убили Большую Медведицу Гончие Псы
9%
Морской козёл Козерог
9%
Ящерица, меняющая окрас Хамелеон
9%
Летом серый, зимой белый Заяц
9%
Ядовитое паукообразное Скорпион
9%
Снаряд лучника Стрела
9%
Стеллиона Ящерица
0%
Инструмент Фемиды Весы
0%
Жертва Беренике Волосы Вероники
0%
Закованная Дева Андромеда
0%
Морское чудовище Кит
0%
Ян Гевелий сказал, чточтобы увидеть это созвездие, нужно иметь глаза этого животного Рысь
0%
Он укусил Геракла за ногу Рак
0%
Олимпийский Виночерпий Водолей
0%
Венец Ариадны Северная Корона
0%
Инструмент архитектора Наугольник
0%
No matching quizzes found
Score Distribution
Percent of People with Each Score
Percentile by Number Answered
Your Score History
You have not taken this quiz